[Event "Titled Tuesday intern op 23rd Apr Late"]
[Site "Chess.com INT"]
[Date "2024.04.23"]
[Round "11"]
[White "Martine, Jean Christophe"]
[Black "Mena, Martin"]
[Result "0-1"]
[WhiteElo "1998"]
[BlackElo "1971"]
[PlyCount "60"]
[EventDate "2024.04.23"]
[EventType "swiss (blitz)"]
[EventRounds "11"]
[EventCountry "USA"]
[SourceTitle "CB18_2024"]
[SourceDate "2024.05.01"]
[SourceVersion "1"]
[SourceVersionDate "2024.05.01"]
[SourceQuality "2"]

1. d4 d5 2. Nf3 Nf6 3. Nbd2 e6 4. e3 Be7 5. Bd3 0-0 6. 0-0 Nbd7 7. c3 b6 8. Qe2 Bb7 9. e4 dxe4 10. Nxe4 Nxe4 11. Bxe4 Bxe4 12. Qxe4 Nf6 13. Qe2 c5 14. dxc5 Bxc5 15. Bg5 Be7 16. Rad1 Qc7 17. Rd2 Rfd8 18. Rfd1 Nd5 19. Bxe7 Nxe7 20. Nd4 a6 21. Nxe6 fxe6 22. Qxe6+ Kh8 23. Rd7 Rxd7 24. Rxd7 Qf4 25. g3 Qc1+ 26. Kg2 Ng8 27. f4 Qxb2+ 28. Kh3 Qxc3 29. Qxb6 Qc8 30. Qd4 Nf6 0-1

[Event "Titled Tuesday intern op 16th Apr Late"]
[Site "Chess.com INT"]
[Date "2024.04.16"]
[Round "6"]
[White "Gao, Raymond"]
[Black "Martine, Jean Christophe"]
[Result "0-1"]
[WhiteElo "2001"]
[BlackElo "1998"]
[PlyCount "58"]
[EventDate "2024.04.16"]
[EventType "swiss (blitz)"]
[EventRounds "11"]
[EventCountry "USA"]
[SourceTitle "CB17_2024"]
[SourceDate "2024.04.24"]
[SourceVersion "1"]
[SourceVersionDate "2024.04.24"]
[SourceQuality "1"]

1. e4 e5 2. Nf3 d6 3. d4 f5 4. dxe5 fxe4 5. Ng5 d5 6. e6 Nh6 7. Nc3 c6 8. Nf7 Nxf7 9. exf7+ Kxf7 10. Be2 Bc5 11. 0-0 Rf8 12. Be3 Bxe3 13. fxe3+ Kg8 14. Qd4 Nd7 15. Nxe4 dxe4 16. Bc4+ Kh8 17. Rxf8+ Qxf8 18. Rf1 Nf6 19. Qxe4 Bd7 20. Qh4 Qe7 21. Rf3 Be6 22. Bd3 Bg8 23. h3 Re8 24. Qa4 b5 25. Qd4 c5 26. Qc3 c4 27. Bf1 Ne4 28. Qd4 Rd8 29. Qxe4 Qxe4 0-1

[Event "Titled Tuesday intern op 12th Mar Late"]
[Site "Chess.com INT"]
[Date "2024.03.12"]
[Round "11"]
[White "Dubessay, Bastien"]
[Black "Martine, Jean Christophe"]
[Result "1-0"]
[WhiteElo "2255"]
[BlackElo "1998"]
[PlyCount "79"]
[EventDate "2024.03.12"]
[EventType "swiss (blitz)"]
[EventRounds "11"]
[EventCountry "USA"]
[SourceTitle "CB12_2024"]
[SourceDate "2023.10.01"]
[SourceVersion "1"]
[SourceVersionDate "2023.10.01"]
[SourceQuality "1"]

1. c4 d6 2. Nf3 e5 3. Nc3 Nf6 4. d3 Nbd7 5. g3 Be7 6. Bg2 0-0 7. 0-0 Re8 8. Rb1 c6 9. b4 Nf8 10. Nd2 Bd7 11. b5 Ng6 12. a4 Qc8 13. Re1 Bh3 14. Bh1 Ng4 15. Ba3 Qf5 16. Nde4 Rad8 17. Bf3 d5 18. cxd5 cxd5 19. Bxe7 Rxe7 20. Nc5 b6 21. Nb3 Red7 22. e4 dxe4 23. dxe4 Qg5 24. Nd5 Nf4 25. gxf4 exf4 26. Bxg4 Bxg4 27. h4 Qxh4 28. Qd3 f3 29. Nd4 Qh3 30. Qf1 Qh4 31. Re3 Bh3 32. Qxh3 Qxh3 33. Rxf3 Qg4+ 34. Rg3 Qxe4 35. Nf6+ Kh8 36. Nxe4 Rxd4 37. Re1 Re8 38. Rge3 Rxa4 39. Nd6 Rg8 40. Nxf7# 1-0

[Event "Titled Tuesday intern op 12th Sep Early"]
[Site "Chess.com INT"]
[Date "2023.09.12"]
[Round "2"]
[White "Rosh, Jain"]
[Black "Martine, Jean Christophe"]
[Result "0-1"]
[WhiteElo "2248"]
[BlackElo "1998"]
[PlyCount "36"]
[EventDate "2023.09.12"]
[EventType "swiss (blitz)"]
[EventRounds "11"]
[EventCountry "USA"]
[SourceTitle "EXT 2024"]
[Source "ChessBase"]
[SourceDate "2023.10.10"]
[SourceVersion "1"]
[SourceVersionDate "2023.10.10"]
[SourceQuality "1"]

1. e4 e5 2. Nf3 d6 3. d4 f5 4. dxe5 fxe4 5. Ng5 d5 6. c4 Bb4+ 7. Bd2 e3 8. Bxb4 exf2+ 9. Kxf2 Qxg5 10. Qxd5 Nc6 11. Bc3 Nge7 12. Qe4 0-0+ 13. Ke1 Qc1+ 14. Ke2 Bf5 15. Qe3 Bg4+ 16. Kd3 Rad8+ 17. Ke4 Bf5+ 18. Kf3 Bxb1+ 0-1

[Event "Titled Tuesday intern op 01st Aug Early"]
[Site "Chess.com INT"]
[Date "2023.08.01"]
[Round "7"]
[White "Martine, Jean Christophe"]
[Black "Filgueira, Hernan"]
[Result "0-1"]
[WhiteElo "1998"]
[BlackElo "2283"]
[PlyCount "96"]
[EventDate "2023.08.01"]
[EventType "swiss (blitz)"]
[EventRounds "11"]
[EventCountry "USA"]
[SourceTitle "EXT 2024"]
[Source "ChessBase"]
[SourceDate "2023.10.10"]
[SourceVersion "1"]
[SourceVersionDate "2023.10.10"]
[SourceQuality "1"]

1. d4 Nf6 2. Nd2 g6 3. e4 d6 4. Ngf3 Bg7 5. Bd3 0-0 6. 0-0 Nc6 7. c3 Re8 8. Re1 e5 9. Nf1 Bg4 10. d5 Ne7 11. Ng3 h6 12. h3 Bd7 13. Be3 a5 14. Qd2 Kh7 15. Nh2 c5 16. c4 a4 17. f4 Neg8 18. Nf3 Qb6 19. fxe5 dxe5 20. Qf2 Rac8 21. Rab1 Qa5 22. Bd2 Qa7 23. Bc3 Qb8 24. b4 axb3 25. axb3 b6 26. b4 Bf8 27. b5 Qd6 28. Qb2 Bg7 29. Bxe5 Qe7 30. Bc3 Red8 31. e5 Ne8 32. Rbd1 Kh8 33. Qc2 Ra8 34. Be4 Ra3 35. Qb2 Ra4 36. Bd3 Bc8 37. e6 f5 38. Bxg7+ Qxg7 39. Ne5 Kh7 40. h4 Nd6 41. h5 Rb4 42. Qc3 Ne7 43. hxg6+ Nxg6 44. Nh5 Qh8 45. Nxg6 Qxc3 46. e7 Re8 47. Re5 Kxg6 48. Ng3 Qxe5 0-1

[Event "Titled Tuesday intern op 27th Jun Late"]
[Site "Chess.com INT"]
[Date "2023.06.27"]
[Round "8"]
[White "Martine, Jean Christophe"]
[Black "Szente Varga, Fruzsina"]
[Result "1-0"]
[WhiteElo "2008"]
[BlackElo "2075"]
[PlyCount "141"]
[EventDate "2023.06.27"]
[EventType "swiss (blitz)"]
[EventRounds "11"]
[EventCountry "USA"]
[SourceTitle "EXT 2024"]
[Source "ChessBase"]
[SourceDate "2023.10.10"]
[SourceVersion "1"]
[SourceVersionDate "2023.10.10"]
[SourceQuality "1"]

1. d4 Nf6 2. Nd2 d5 3. Ngf3 g6 4. e3 Bg7 5. Bd3 0-0 6. 0-0 c5 7. c3 c4 8. Bc2 Nc6 9. Qe2 Re8 10. Ne5 Nxe5 11. dxe5 Nd7 12. f4 Nc5 13. e4 e6 14. exd5 exd5 15. Nf3 Bg4 16. h3 Bd7 17. Be3 Qc7 18. Bd4 b5 19. Qf2 Ne6 20. Be3 a5 21. Nd4 Nxd4 22. Bxd4 b4 23. Rae1 Rab8 24. f5 bxc3 25. fxg6 fxg6 26. Qf7+ Kh8 27. e6 Bxd4+ 28. Kh1 Qg3 29. bxc3 Be5 30. Rxe5 Qxe5 31. exd7 Red8 32. Bxg6 hxg6 33. Rf4 Qe1+ 34. Kh2 Rf8 35. Qxf8+ Rxf8 36. Rxf8+ Kg7 37. d8Q Qe5+ 38. Kg1 Qe1+ 39. Kh2 Qe5+ 40. g3 Qe2+ 41. Kg1 Qe3+ 42. Rf2 Qxg3+ 43. Rg2 Qe3+ 44. Kh1 Qxh3+ 45. Kg1 Qe3+ 46. Kh2 Qe5+ 47. Rg3 Qe2+ 48. Kh3 Qh5+ 49. Kg2 Qe2+ 50. Kh3 Qh5+ 51. Qh4 Qf5+ 52. Qg4 Qf1+ 53. Kh4 Qh1+ 54. Rh3 Qe1+ 55. Qg3 Qe7+ 56. Kg4 Qe6+ 57. Kf3 Qe4+ 58. Kf2 Qc2+ 59. Kg1 Qd1+ 60. Kh2 Qe2+ 61. Qg2 Qe5+ 62. Rg3 Qh5+ 63. Kg1 Qd1+ 64. Qf1 Qd2 65. Qf2 Qd1+ 66. Kg2 Qh5 67. Qd4+ Kh7 68. Rh3 Kh6 69. Rxh5+ gxh5 70. Qxd5 h4 71. Qxc4 1-0

[Event "Titled Tuesday intern op 20th Jun Late"]
[Site "Chess.com INT"]
[Date "2023.06.20"]
[Round "4"]
[White "Gutierrez Olivares, Daniel"]
[Black "Martine, Jean Christophe"]
[Result "1-0"]
[WhiteElo "2354"]
[BlackElo "2008"]
[PlyCount "65"]
[EventDate "2023.06.20"]
[EventType "swiss (blitz)"]
[EventRounds "11"]
[EventCountry "USA"]
[SourceTitle "EXT 2024"]
[Source "ChessBase"]
[SourceDate "2023.10.10"]
[SourceVersion "1"]
[SourceVersionDate "2023.10.10"]
[SourceQuality "1"]

1. Nf3 d6 2. c4 e5 3. g3 Nf6 4. Bg2 Be7 5. 0-0 0-0 6. Nc3 Re8 7. b4 Nbd7 8. Bb2 Nf8 9. d4 Ng6 10. Qc2 c6 11. Rad1 Qc7 12. c5 Bf8 13. cxd6 Bxd6 14. a3 exd4 15. Nxd4 Be5 16. Qb1 Bd7 17. Nb3 Rad8 18. Rc1 Qb8 19. Nc5 Bc8 20. f4 Bxc3 21. Bxc3 Nd5 22. e4 Nxc3 23. Rxc3 b6 24. Nd3 Qd6 25. Nf2 Qd4 26. Rxc6 Bb7 27. Rc7 Ba6 28. Rd1 Qe3 29. Re1 Qd4 30. Qb3 Re7 31. Rxe7 Nxe7 32. b5 Bb7 33. Rd1 1-0

[Event "Titled Tuesday intern op 20th Jun Late"]
[Site "Chess.com INT"]
[Date "2023.06.20"]
[Round "1"]
[White "Han, Yichen"]
[Black "Martine, Jean Christophe"]
[Result "0-1"]
[WhiteElo "2413"]
[BlackElo "2008"]
[PlyCount "62"]
[EventDate "2023.06.20"]
[EventType "swiss (blitz)"]
[EventRounds "11"]
[EventCountry "USA"]
[SourceTitle "EXT 2024"]
[Source "ChessBase"]
[SourceDate "2023.10.10"]
[SourceVersion "1"]
[SourceVersionDate "2023.10.10"]
[SourceQuality "1"]

1. d4 e5 2. dxe5 d6 3. Nf3 Bg4 4. exd6 Bxd6 5. Nc3 Nc6 6. Bg5 Nf6 7. e3 Qe7 8. Bb5 Bd7 9. Qe2 0-0-0 10. 0-0-0 a6 11. Ba4 Ne5 12. Nd5 Qe6 13. Bxd7+ Rxd7 14. Nxf6 gxf6 15. Bh4 Qxa2 16. Nd2 Be7 17. Nb1 Nc4 18. c3 Rhd8 19. Rd4 Rxd4 20. exd4 Bd6 21. Bg3 Bf8 22. Bf4 a5 23. Re1 a4 24. Qc2 a3 25. b3 Nb2 26. Re3 h5 27. h4 Qa1 28. g3 a2 29. Qxb2 Ba3 30. Qxa3 axb1Q+ 31. Kd2 Qd1# 0-1